Reading in a foreign language
Salvato in:
| Autori principali: | , |
|---|---|
| Natura: | Libro |
| Lingua: | inglese |
| Pubblicazione: |
Londres
Longman
1984
|
| Serie: | Applied Linguistics and Language Study
|
| Soggetti: | |
| Tags: |
Aggiungi Tag
Nessun Tag, puoi essere il primo ad aggiungerne!!
|
MARC
| LEADER | 00000nam a2200000 a 4500 | ||
|---|---|---|---|
| 001 | UCQ7926 | ||
| 003 | CL-VaPUC | ||
| 008 | 981121e19840000UK |||||||||||||||||eng|d | ||
| 082 | 0 | 4 | |a 418.007 |b ALD |2 21 |
| 100 | 0 | |a Alderson, J. Charles |e author |9 421735 | |
| 700 | 0 | |a Urquhart, A. H |e author |9 421736 | |
| 245 | 1 | 0 | |a Reading in a foreign language |
| 300 | |a 324 p | ||
| 942 | |c BK | ||
| 945 | |d 19981121 00:00:00 |a crobeson | ||
| 260 | |a Londres |b Longman |c 1984 | ||
| 650 | 0 | |a Lingüística aplicada |9 313266 | |
| 650 | 0 | |a Educación lingüística |9 306506 | |
| 650 | 0 | |a Enseñanza de la lectura |9 308364 | |
| 650 | 0 | |a Lenguas extranjeras |9 343620 | |
| 583 | |a last modification |c 19981121 00:00:00 |k Rodrigo Vera | ||
| 490 | 0 | |a Applied Linguistics and Language Study | |
| 999 | |c 277300 |d 277298 | ||
| 952 | |0 0 |1 0 |4 0 |6 418_007000000000000_ALD_1984 |7 0 |8 A |9 315186 |a FDOPOS |b FDOPOS |d 2019-11-20 |i 1493957 |o 418.007 ALD 1984 |p 1493957 |r 2025-01-22 |w 2019-11-20 |y BK |k MLA | ||